Faculty of Law Library — Cairo University

Official Online Catalog

Bishop on criminal law / (Record no. 66904)

MARC details
000 -LEADER
fixed length control field 01325nam a2200361 i 4500
003 - CONTROL NUMBER IDENTIFIER
control field EG-GICUC
005 - DATE AND TIME OF LATEST TRANSACTION
control field 20260325194827.0
008 - FIXED-LENGTH DATA ELEMENTS--GENERAL INFORMATION
fixed length control field 260325s1923 ilu||||fr|||| 001 0 eng d
040 ## - CATALOGING SOURCE
Original cataloging agency EG-GiCUC
Language of cataloging eng
Transcribing agency EG-GiCUC
Modifying agency EG-GiCUC
Description conventions rda
041 ## - LANGUAGE CODE
Language code of text/sound track or separate title eng
082 04 - DEWEY DECIMAL CLASSIFICATION NUMBER
Edition number 21
Classification number 343.1
Item number BI . B
092 04 - LOCALLY ASSIGNED DEWEY CALL NUMBER (OCLC)
Edition number 21
099 ## - LOCAL FREE-TEXT CALL NUMBER (OCLC)
Classification number Law1 10 343.1 BI . B 9 ed - 1923
100 1# - MAIN ENTRY--PERSONAL NAME
Personal name Bishop, Joel Prentiss
Relator term Author.
245 10 - TITLE STATEMENT
Title Bishop on criminal law /
Statement of responsibility, etc. By Joel Prentiss Bishop and edited by John M. Zane and Carl Zollmann.
250 ## - EDITION STATEMENT
Edition statement Ninth Edition
264 #1 - PRODUCTION, PUBLICATION, DISTRIBUTION, MANUFACTURE, AND COPYRIGHT NOTICE
Place of production, publication, distribution, manufacture Chicago :
Name of producer, publisher, distributor, manufacturer T.H. Flood and comany,
-- Joel perntiss bishop,
Date of production, publication, distribution, manufacture, or copyright notice 1923.
300 ## - PHYSICAL DESCRIPTION
Extent 2 volumes , 918 pages :
Other physical details illustrations,
Dimensions 24 cm
336 ## - CONTENT TYPE
Source rda content
Content type term text
337 ## - MEDIA TYPE
Source rda media
Media type term Computer
338 ## - CARRIER TYPE
Source rda carrier
Carrier type term Online Resource
500 ## - GENERAL NOTE
General note Reproduction of original from Yale Law School Library.<br/>
504 ## - BIBLIOGRAPHY, ETC. NOTE
Bibliography, etc. note Includes bibliographical references and index.
505 ## - FORMATTED CONTENTS NOTE
Formatted contents note v. 1. General and elementary, complete in itself<br/>v. 2. The specific offences.
546 ## - LANGUAGE NOTE
Language note Text in English
650 1# - SUBJECT ADDED ENTRY--TOPICAL TERM
Topical term or geographic name entry element Criminal Law
650 1# - SUBJECT ADDED ENTRY--TOPICAL TERM
Topical term or geographic name entry element Criminal Law - The general part
700 1# - ADDED ENTRY--PERSONAL NAME
Personal name Zollmann, Carl
Relator term editor.
700 1# - ADDED ENTRY--PERSONAL NAME
Personal name Zane, John Maxcy
Relator term editor.
856 40 - ELECTRONIC LOCATION AND ACCESS
Uniform Resource Identifier <a href="https://fll.law.cu.edu.eg/fulltext/bks/B10-01005.pdf">https://fll.law.cu.edu.eg/fulltext/bks/B10-01005.pdf</a>
905 ## - Cataloger and Reviser Names
Cataloger Name: Gomana
942 ## - ADDED ENTRY ELEMENTS (KOHA)
Source of classification or shelving scheme Dewey Decimal Classification
Suppress in OPAC No
Koha item type Books
Edition 21
Holdings
Withdrawn status Lost status Source of classification or shelving scheme Damaged status Not for loan Collection Home library Current library Date acquired Total checkouts Full call number Barcode Date last seen Copy number Price effective from Koha item type
    Dewey Decimal Classification Damaged Not for loan القانون الجنائي جــــامعة القــاهرة مكتبة كلية الحقوق - المبنى الرئيسي 25.03.2026   Law1 10 343.1 BI . B 9 ed - 1923 1001005 C1 B10-01005 25.03.2026 1 25.03.2026 Books

© All rights reserved — Faculty of Law, Cairo University

Implemented and Customized by: Eng. M. Mohamady